| 000 | 00933nam a2200217Ia 4500 | ||
|---|---|---|---|
| 999 |
_c39939 _d39939 |
||
| 001 | 6545 | ||
| 003 | GE_BSU | ||
| 005 | 20191016112023.0 | ||
| 008 | 181216s1974||||ge |||||||||||||| ||geo|| | ||
| 040 | _cGE_BSU | ||
| 041 | _ageo | ||
| 080 | _a821.353.1-1 ბ-56 | ||
| 100 |
_aბერულავა, ხუტა _93945 |
||
| 245 |
_aეპიტაფია სვეტიცხოვლის აღმშენებლისა : _bლირიკა / _cხუტა ბერულავა ; რედ. თ. ბექიშვილი. |
||
| 264 |
_aთბილისი : _bნაკადული ; _c1974. |
||
| 300 |
_a220 გვ. ; _bფოტო ; _c22 სმ. |
||
| 653 | _aეპიტაფია სვეტიცხოვლის აღმშენებლისა | ||
| 653 | _aლირიკა | ||
| 700 |
_aბექიშვილი, თ. _eრედაქტორი _94737 |
||
| 942 |
_cBK _2udc |
||